Materialy meždunarodnoj 51-oj naučno-techničeskoj konferencii... : V 8-mi častjach. Časť 6

Uložené v:
Podrobná bibliografia
Médium: Kniha
Jazyk:Russian
Vydavateľské údaje: Minsk : B.G.P.A, 1995
Predmet:
Tagy: Pridať tag
Žiadne tagy, Buďte prvý, kto otaguje tento záznam!

MARC

LEADER 00000nam a22000003a 4500
001 stu45261
005 20141122035056.1
008 960130s1995----xxr-----------------rus-d
040 |a STU  |b slo 
041 0 |a rus 
044 |a xxr 
080 |a 378.662(476)(082) 
245 |a Materialy meždunarodnoj 51-oj naučno-techničeskoj konferencii... :  |b V 8-mi častjach. Časť 6 
260 |a Minsk :  |b B.G.P.A,  |c 1995 
300 |a 187 s 
650 7 |a Školy vysoké technické bieloruské  |2 stusub 
650 7 |a zborníky  |2 stusub 
996 |b MZ 957  |c M*Z-957  |l MMKN  |s A  |a 24  |w stu45261_0001